000 00474nam a2200169 i 4500
001 34586
003 ES-MaACL
005 20250820063024.0
007 t|
008 030207s1967 sp ||||1| spa d
100 1 _aBonilla, Luis,
_d1912-
_930180
245 1 0 _aHistoria y psicología del perro /
_cLuis Bonilla.
260 _aMadrid :
_bTecnos,
_c[1967]
300 _a246 p., 8 lám. ;
_c21 cm.
852 _aES-MaACL
_jC-32820
_bR.63324
999 _c34586
_d34586